[Event "80th Tata Steel Challengers 2018"]
[Site "Wijk aan Zee"]
[Date "2018.01.20"]
[Round "7"]
[White "Vidit, Santosh Gujrathi"]
[Black "Van Foreest, Lucas"]
[Result "1/2-1/2"]
[WhiteElo "2718"]
[BlackElo "2481"]
[Annotator "TA"]
[PlyCount "71"]
[EventDate "2018.??.??"]
[EventType "tourn"]
[EventCountry "NED"]
[SourceTitle "playchess.com"]
[Source "ChessBase"]
[SourceQuality "1"]

1. c4 Nf6 2. Nc3 e6 3. e4 d5 4. cxd5 exd5 5. e5 Ne4 6. Nf3 Nc6 7. Bb5 Bb4 8. Qa4 O-O 9. Bxc6 Nc5 10. Qc2 bxc6 11. d4 Ne6 12. O-O c5 13. Rd1 cxd4 14. Nxd4 Bb7 15. Nxe6 fxe6 16. Ne4 Qe7 17. Bg5 Qf7 18. a3 Bxa3 19. Rxa3 dxe4 20. Be3 a6 21. Rc3 Rfc8 22. Rc1 h6 23. h3 Rab8 24. Qa4 Bd5 25. Qxa6 c6 26. Qe2 Rb7 27. Ra3 Rcb8 28. Rc2 Rb3 29. Rxb3 Rxb3 30. Rc3 Qb7 31. Rxb3 Qxb3 32. h4 Qb5 33. Qd2 Qb7 34. Qe2 Qf7 35. Qg4 Qf5 36. Qxf5 1/2-1/2

[Event "80th Tata Steel Challengers 2018"]
[Site "Wijk aan Zee"]
[Date "2018.01.20"]
[Round "7"]
[White "Amin, Bassem"]
[Black "Xiong, Jeffery"]
[Result "1/2-1/2"]
[WhiteElo "2693"]
[BlackElo "2634"]
[Annotator "TA"]
[PlyCount "37"]
[EventDate "2018.??.??"]
[EventType "tourn"]
[EventCountry "NED"]
[SourceTitle "playchess.com"]
[Source "ChessBase"]
[SourceQuality "1"]

1. e4 c5 2. Nf3 d6 3. d4 Nf6 4. Nc3 cxd4 5. Nxd4 a6 6. Bg5 Nbd7 7. Qe2 h6 8. Bh4 g6 9. O-O-O e5 10. Nb3 Be7 11. Bg3 Qc7 12. f4 Nb6 13. Qf2 Be6 14. f5 gxf5 15. exf5 Bd7 16. Be2 Rc8 17. Kb1 Rg8 18. Rhe1 Bc6 19. Bf3 1/2-1/2

[Event "80th Tata Steel Challengers 2018"]
[Site "Wijk aan Zee"]
[Date "2018.01.20"]
[Round "7"]
[White "Krasenkow, Michal"]
[Black "Korobov, Anton"]
[Result "1/2-1/2"]
[WhiteElo "2671"]
[BlackElo "2652"]
[Annotator "TA"]
[PlyCount "60"]
[EventDate "2018.??.??"]
[EventType "tourn"]
[EventCountry "NED"]
[SourceTitle "playchess.com"]
[Source "ChessBase"]
[SourceQuality "1"]

1. d4 Nf6 2. c4 e6 3. Nf3 Bb4+ 4. Bd2 Qe7 5. g3 Bxd2+ 6. Qxd2 d5 7. Bg2 O-O 8. O-O Rd8 9. Na3 c6 10. Rac1 Nbd7 11. Rfd1 a5 12. Ne5 Nf8 13. Nb1 Ne8 14. Qc2 f6 15. Nf3 Nd6 16. Nbd2 Bd7 17. e4 dxe4 18. Nxe4 Nxe4 19. Qxe4 Be8 20. d5 cxd5 21. cxd5 Qb4 22. Qxb4 axb4 23. dxe6 Rxd1+ 24. Rxd1 Nxe6 25. Rd6 Nc5 26. Nd4 Bf7 27. Nc2 Bxa2 28. Nxb4 Bc4 29. Bd5+ Bxd5 30. Nxd5 Kf8 1/2-1/2

[Event "80th Tata Steel Challengers 2018"]
[Site "Wijk aan Zee"]
[Date "2018.01.20"]
[Round "7"]
[White "L'Ami, Erwin"]
[Black "Gordievsky, Dmitry"]
[Result "1/2-1/2"]
[WhiteElo "2634"]
[BlackElo "2622"]
[Annotator "TA"]
[PlyCount "72"]
[EventDate "2018.??.??"]
[EventType "tourn"]
[EventCountry "NED"]
[SourceTitle "playchess.com"]
[Source "ChessBase"]
[SourceQuality "1"]

1. d4 Nf6 2. c4 g6 3. Nc3 Bg7 4. e4 d6 5. Nf3 O-O 6. Be2 e5 7. O-O c6 8. d5 Na6 9. Bg5 h6 10. Bh4 Qb6 11. dxc6 bxc6 12. Bxf6 Bxf6 13. Qxd6 Kg7 14. Na4 Qb7 15. Qa3 Rb8 16. b3 Bg4 17. Rad1 Rfd8 18. Qc1 Bxf3 19. Bxf3 Qb4 20. Qe3 Rd4 21. Rxd4 exd4 22. Qe2 Re8 23. Rd1 Qa3 24. Qb2 Qe7 25. Qd2 Nc5 26. Nb2 Nxe4 27. Bxe4 Qxe4 28. Nd3 Qe2 29. a4 a5 30. c5 Bg5 31. Qxe2 Rxe2 32. b4 axb4 33. Nxb4 Be7 34. Kf1 Rb2 35. Nxc6 Bxc5 36. Nxd4 Rb4 1/2-1/2

[Event "80th Tata Steel Challengers 2018"]
[Site "Wijk aan Zee"]
[Date "2018.01.20"]
[Round "7"]
[White "Van Foreest, Jorden"]
[Black "Bok, Benjamin"]
[Result "1/2-1/2"]
[WhiteElo "2629"]
[BlackElo "2607"]
[Annotator "TA"]
[PlyCount "82"]
[EventDate "2018.??.??"]
[EventType "tourn"]
[EventCountry "NED"]
[SourceTitle "playchess.com"]
[Source "ChessBase"]
[SourceQuality "1"]

1. e4 e5 2. Nf3 Nc6 3. Bb5 Nf6 4. d3 Bc5 5. Bg5 h6 6. Bh4 Be7 7. c3 O-O 8. Bg3 d6 9. O-O Bd7 10. h3 Nh5 11. Bh2 g6 12. Nbd2 Bg5 13. Re1 Bf4 14. Nf1 Bxh2+ 15. Kxh2 a6 16. Ba4 Nf4 17. d4 Re8 18. Bc2 Qc8 19. Ng1 Na5 20. Ne3 c5 21. dxc5 dxc5 22. g3 Nh5 23. Nd5 Qd8 24. Qd2 Kg7 25. Rad1 Be6 26. b3 Nf6 27. Qe3 b6 28. Nxf6 Qxf6 29. Rd6 Qe7 30. Red1 Qc7 31. Nf3 Nb7 32. R6d2 Rad8 33. Rxd8 Rxd8 34. Rxd8 Nxd8 35. Nd2 Qd6 36. a4 b5 37. axb5 axb5 38. Bd3 Bd7 39. Be2 Nb7 40. h4 Na5 41. Kg1 f6 1/2-1/2

[Event "80th Tata Steel Challengers 2018"]
[Site "Wijk aan Zee"]
[Date "2018.01.20"]
[Round "7"]
[White "Tari, Aryan"]
[Black "Girya, Olga"]
[Result "1-0"]
[WhiteElo "2599"]
[BlackElo "2489"]
[Annotator "TA"]
[PlyCount "75"]
[EventDate "2018.??.??"]
[EventType "tourn"]
[EventCountry "NED"]
[SourceTitle "playchess.com"]
[Source "ChessBase"]
[SourceQuality "1"]

1. e4 c6 2. d4 d5 3. e5 Bf5 4. Nd2 e6 5. Nb3 Nd7 6. Nf3 a6 7. Be2 c5 8. c3 c4 9. Nbd2 h6 10. Nf1 Ne7 11. Ne3 Bh7 12. g3 b5 13. O-O Qa5 14. Bd2 Nc6 15. Ne1 b4 16. f4 bxc3 17. Bxc3 Bb4 18. Qd2 Rb8 19. f5 Bxf5 20. Nxf5 exf5 21. Rxf5 O-O 22. Rf2 Qb6 23. Nc2 Bxc3 24. bxc3 Qb2 25. Bh5 Rbe8 26. Raf1 Re7 27. Qe3 Qb7 28. Qf3 g6 29. Bg4 Ncxe5 30. dxe5 Nxe5 31. Qd1 f5 32. Be2 Rd8 33. Qd4 Kh7 34. Rd1 a5 35. Ne3 Nc6 36. Qc5 Rde8 37. Nxd5 Rxe2 38. Nf6+ 1-0

[Event "80th Tata Steel Challengers 2018"]
[Site "Wijk aan Zee"]
[Date "2018.01.20"]
[Round "7"]
[White "Harika, Dronavalli"]
[Black "Bluebaum, Matthias"]
[Result "0-1"]
[WhiteElo "2497"]
[BlackElo "2640"]
[Annotator "TA"]
[PlyCount "115"]
[EventDate "2018.??.??"]
[EventType "tourn"]
[EventCountry "NED"]
[SourceTitle "playchess.com"]
[Source "ChessBase"]
[SourceQuality "1"]

1. e4 e6 2. d4 d5 3. Nd2 c5 4. Ngf3 cxd4 5. Nxd4 Nf6 6. exd5 Nxd5 7. N2f3 Bb4+ 8. Bd2 O-O 9. c3 Bd6 10. Bd3 Nd7 11. O-O a6 12. Re1 Qc7 13. Qe2 Nf4 14. Bxf4 Bxf4 15. Rad1 Nf6 16. Ne5 b5 17. g3 Bxe5 18. Qxe5 Qxe5 19. Rxe5 Bb7 20. Ree1 Rfd8 21. Be2 Bd5 22. Bf3 Rac8 23. Bxd5 Nxd5 24. f4 g6 25. Kf2 Nb6 26. Re2 Rd5 27. a3 a5 28. Ra1 b4 29. axb4 axb4 30. Ra6 bxc3 31. bxc3 Nc4 32. Rea2 Kg7 33. Ra8 Rc7 34. R8a7 Rdd7 35. Rxc7 Rxc7 36. Ke2 e5 37. fxe5 Nxe5 38. Rc2 Re7 39. Kd1 Ng4 40. Kc1 Rc7 41. Kb2 Ne3 42. Rc1 Rb7+ 43. Ka2 Kf6 44. Nc2 Nc4 45. Nb4 Kg5 46. Kb3 Nd2+ 47. Kc2 Ne4 48. Rf1 Rd7 49. Rf4 f5 50. Rh4 h5 51. c4 Rd2+ 52. Kb3 Kh6 53. Rf4 Rxh2 54. Ka4 Rh3 55. Rf3 h4 56. Nd5 Rxg3 57. Rf1 h3 58. Kb5 0-1

[Event "81st Tata Steel Tienkamp 2019"]
[Site "Wijk aan Zee"]
[Date "2019.01.25"]
[Round "7"]
[White "Beerdsen, Thomas"]
[Black "Beukema, Stefan"]
[Result "0-1"]
[WhiteElo "2484"]
[BlackElo "2414"]
[Annotator "TA"]
[PlyCount "64"]
[EventDate "2019.01.12"]
[EventType "tourn"]
[EventCountry "NED"]
[SourceTitle "playchess.com"]
[Source "ChessBase"]
[SourceQuality "1"]

1. e4 e5 2. Nf3 Nc6 3. Bb5 a6 4. Ba4 Nf6 5. O-O Be7 6. d3 b5 7. Bb3 d6 8. a4 Rb8 9. axb5 axb5 10. Nc3 Bg4 11. Be3 Nd4 12. Bxd4 exd4 13. Nd5 c6 14. Nf4 Nd7 15. h3 Bxf3 16. Qxf3 O-O 17. Ne2 Bf6 18. Qg3 Qc7 19. Rae1 Nc5 20. Nc1 Ra8 21. f4 Ra1 22. e5 dxe5 23. fxe5 Nd7 24. Qf4 Nxe5 25. Ne2 Rxe1 26. Rxe1 c5 27. c3 c4 28. cxd4 Qb6 29. Bc2 cxd3 30. Qf2 dxc2 31. dxe5 Qxf2+ 32. Kxf2 Bxe5 0-1

[Event "81st Tata Steel Tienkamp 2019"]
[Site "Wijk aan Zee"]
[Date "2019.01.25"]
[Round "7"]
[White "Kevlishvili, Robby"]
[Black "Rapport, Jovana"]
[Result "1/2-1/2"]
[WhiteElo "2453"]
[BlackElo "2375"]
[Annotator "TA"]
[PlyCount "45"]
[EventDate "2019.01.12"]
[EventType "tourn"]
[EventCountry "NED"]
[SourceTitle "playchess.com"]
[Source "ChessBase"]
[SourceQuality "1"]

1. e4 e6 2. d4 d5 3. Nd2 Bd7 4. exd5 exd5 5. Bd3 Nc6 6. c3 Qf6 7. Ne2 Bd6 8. O-O Nge7 9. f4 Bf5 10. Nf3 h5 11. Ne5 h4 12. Be3 Bxd3 13. Qxd3 Qf5 14. Rad1 f6 15. Nxc6 bxc6 16. Rf3 a5 17. Bf2 Qxd3 18. Rfxd3 Nf5 19. g4 hxg3 20. hxg3 Nh6 21. Kg2 Ng4 22. Bg1 Rh5 23. R3d2 1/2-1/2

[Event "81st Tata Steel Tienkamp 2019"]
[Site "Wijk aan Zee"]
[Date "2019.01.25"]
[Round "7"]
[White "Vrolijk, Liam"]
[Black "Kosakowski, Jakub"]
[Result "1-0"]
[WhiteElo "2433"]
[BlackElo "2404"]
[Annotator "NA"]
[PlyCount "59"]
[EventDate "2019.01.12"]
[EventType "tourn"]
[EventCountry "NED"]
[SourceTitle "playchess.com"]
[Source "ChessBase"]
[SourceQuality "1"]

1. c4 Nf6 2. g3 g6 3. Bg2 Bg7 4. d4 d5 5. cxd5 Nxd5 6. Nf3 Nb6 7. Nc3 Nc6 8. e3 O-O 9. O-O Re8 10. h3 e5 11. d5 Na5 12. Qc2 e4 13. Nxe4 Qxd5 14. Nd4 Qe5 15. Nc5 Qe7 16. b3 Nc6 17. Nxc6 bxc6 18. Rb1 Nd5 19. Bd2 a5 20. a3 Bf5 21. e4 Bd4 22. b4 axb4 23. axb4 Bxc5 24. exf5 Bd6 25. b5 Bc5 26. bxc6 Nb6 27. Rfe1 Qf8 28. Bf4 Re7 29. Rxe7 Qxe7 30. f6 1-0

[Event "81st Tata Steel Tienkamp 2019"]
[Site "Wijk aan Zee"]
[Date "2019.01.25"]
[Round "7"]
[White "Martens, Martin"]
[Black "Warmerdam, Max"]
[Result "1/2-1/2"]
[WhiteElo "2382"]
[BlackElo "2440"]
[Annotator "TA"]
[PlyCount "41"]
[EventDate "2019.01.12"]
[EventType "tourn"]
[EventCountry "NED"]
[SourceTitle "playchess.com"]
[Source "ChessBase"]
[SourceQuality "1"]

1. e4 c5 2. Nf3 e6 3. Nc3 a6 4. g3 b5 5. Bg2 Bb7 6. d3 d6 7. O-O Nf6 8. Ng5 h6 9. Nh3 Nc6 10. f4 Be7 11. Nf2 Qc7 12. Bd2 b4 13. Ne2 a5 14. a3 d5 15. e5 Nd7 16. c3 bxc3 17. bxc3 g6 18. Kh1 h5 19. h3 Ba6 20. Ng1 Rb8 21. Nf3 1/2-1/2

[Event "81st Tata Steel Tienkamp 2019"]
[Site "Wijk aan Zee"]
[Date "2019.01.25"]
[Round "7"]
[White "Mamedjarova, Zeinab"]
[Black "Brink, Barry"]
[Result "1/2-1/2"]
[WhiteElo "2311"]
[BlackElo "2385"]
[Annotator "NA"]
[PlyCount "74"]
[EventDate "2019.01.12"]
[EventType "tourn"]
[EventCountry "NED"]
[SourceTitle "playchess.com"]
[Source "ChessBase"]
[SourceQuality "1"]

1. d4 Nf6 2. Nf3 d5 3. e3 c5 4. c4 cxd4 5. exd4 g6 6. Nc3 Bg7 7. Bg5 Ne4 8. Bf4 Nxc3 9. bxc3 O-O 10. Rb1 Nc6 11. Rb5 dxc4 12. Bxc4 a6 13. Rc5 Bd7 14. h4 Rc8 15. Bd3 Na5 16. Rxc8 Qxc8 17. Qd2 Nc4 18. Qe2 Nd6 19. O-O Bf5 20. Bxd6 exd6 21. Bxf5 Qxf5 22. c4 Bf6 23. Qb2 b5 24. cxb5 axb5 25. Rb1 Rc8 26. Rc1 Rc4 27. a3 Qd3 28. Rb1 Kg7 29. Qa1 Rc3 30. Qb2 Bxd4 31. Nxd4 Qxd4 32. Qa1 Qd2 33. Rd1 Qc2 34. Rxd6 Qc1+ 35. Qxc1 Rxc1+ 36. Kh2 Rc3 37. Rb6 Rxa3 1/2-1/2

[Event "83rd Tata Steel Masters 2021"]
[Site "Wijk aan Zee"]
[Date "2021.01.23"]
[Round "7.1"]
[White "Carlsen, Magnus"]
[Black "Harikrishna, Pentala"]
[Result "1/2-1/2"]
[WhiteElo "2862"]
[BlackElo "2732"]
[Annotator "TA"]
[PlyCount "60"]
[EventDate "2021.01.16"]
[EventType "tourn"]
[EventCountry "NED"]
[SourceTitle "playchess.com"]
[Source "ChessBase"]
[SourceQuality "1"]

1. e4 c5 2. Nf3 e6 3. d4 cxd4 4. Nxd4 Nc6 5. Nc3 Qc7 6. f4 a6 7. Nxc6 bxc6 8. Bd3 d5 9. O-O Nf6 10. Qe2 Be7 11. Bd2 c5 12. b3 Bb7 13. Rae1 c4 14. bxc4 dxe4 15. Nxe4 Nxe4 16. Bxe4 Bxe4 17. Qxe4 Rc8 18. f5 Qxc4 19. fxe6 f6 20. Qb7 Qc6 21. Rb1 Bc5+ 22. Kh1 Qxb7 23. Rxb7 O-O 24. Re1 Rfe8 25. g3 Rc6 26. e7 Kf7 27. c4 Bd6 28. Bb4 Bxb4 29. Rxb4 Rxe7 30. Rxe7+ Kxe7 1/2-1/2

[Event "82nd Tata Steel Masters 2020"]
[Site "Wijk aan Zee"]
[Date "2020.01.18"]
[Round "7.1"]
[White "Anand, Viswanathan"]
[Black "Carlsen, Magnus"]
[Result "1/2-1/2"]
[WhiteElo "2758"]
[BlackElo "2872"]
[Annotator "TA"]
[PlyCount "107"]
[EventDate "2020.01.11"]
[EventType "tourn"]
[EventCountry "NED"]
[SourceTitle "playchess.com"]
[Source "ChessBase"]
[SourceQuality "1"]

1. e4 c5 2. Nf3 Nc6 3. Bb5 g6 4. O-O Bg7 5. c3 Nf6 6. Re1 O-O 7. d4 a6 8. Bd3 d5 9. e5 Ne8 10. dxc5 Bg4 11. Be2 Nc7 12. Nbd2 a5 13. h3 Bc8 14. Bd3 Ne6 15. Nb3 a4 16. Nbd4 Nxc5 17. Bc2 Qa5 18. Bd2 Rd8 19. Qc1 Ne6 20. b4 Qc7 21. Nxc6 bxc6 22. Be3 c5 23. bxc5 Nxc5 24. Qa3 Ne6 25. Rab1 d4 26. Nxd4 Bxe5 27. Nb5 Qc6 28. Rb4 Bb7 29. Be4 Qd7 30. Bxb7 Qxb7 31. Rxa4 Bf4 32. Rxa8 Rxa8 33. Qb3 Bxe3 34. Rxe3 Nf4 35. Rf3 Qe4 36. Kh2 Nd5 37. c4 Qe5+ 38. g3 Nf6 39. a3 Ne4 40. Qc2 Ng5 41. Re3 Qc5 42. h4 Ne6 43. Qe2 Rc8 44. Rc3 h5 45. Kg2 Kf8 46. Qe4 Kg8 47. Qd5 Qb6 48. a4 Qa6 49. c5 Qxa4 50. c6 Rd8 51. Qc4 Qxc4 52. Rxc4 Rb8 53. c7 Rc8 54. Rc1 1/2-1/2

[Event "85th Tata Steel Masters 2023"]
[Site "Wijk aan Zee"]
[Date "2023.01.21"]
[Round "7.1"]
[White "Erigaisi Arjun"]
[Black "Abdusattorov, Nodirbek"]
[Result "0-1"]
[WhiteElo "2722"]
[BlackElo "2713"]
[Annotator "TA"]
[PlyCount "86"]
[EventDate "2023.01.10"]
[EventType "tourn"]
[EventCountry "NED"]
[SourceTitle "playchess.com"]
[Source "ChessBase"]
[SourceQuality "1"]

1. e4 e5 2. Nf3 Nf6 3. d4 Nxe4 4. dxe5 d5 5. Nbd2 Nxd2 6. Bxd2 Be7 7. Bd3 c5 8. c3 Nc6 9. O-O Bg4 10. Re1 O-O 11. h3 Bh5 12. Bf5 Kh8 13. Qe2 Qb6 14. Bf4 Rae8 15. Rad1 d4 16. g4 Bg6 17. Qc2 Rd8 18. h4 Qa6 19. cxd4 cxd4 20. Qb3 d3 21. h5 Bxf5 22. gxf5 Nd4 23. Nxd4 Rxd4 24. Bg3 d2 25. Re3 Qh6 26. Qxb7 Bg5 27. Rc3 Qxh5 28. Qf3 Qh3 29. Bh2 Rg4+ 30. Bg3 h6 31. Qg2 Qh5 32. f3 Rd4 33. Qh2 Bh4 34. Kf1 Rfd8 35. Bf2 Re4 36. f6 gxf6 37. Qh3 Rf4 38. Bxa7 Qxe5 39. Be3 Qb5+ 40. Kg1 Qe2 41. Qf1 Rg8+ 42. Kh1 Qxf1+ 43. Rxf1 Rxf3 0-1

[Event "84th Tata Steel Challengers 2022"]
[Site "Wijk aan Zee"]
[Date "2022.01.22"]
[Round "7.1"]
[White "Jumabayev, Rinat"]
[Black "Erigaisi Arjun"]
[Result "1/2-1/2"]
[WhiteElo "2631"]
[BlackElo "2629"]
[Annotator "TA"]
[PlyCount "167"]
[EventDate "2022.01.15"]
[EventType "tourn"]
[EventCountry "NED"]
[SourceTitle "playchess.com"]
[Source "ChessBase"]
[SourceQuality "1"]

1. e4 c5 2. Nf3 e6 3. d4 cxd4 4. Nxd4 Nf6 5. Nc3 Nc6 6. a3 d6 7. Be3 Be7 8. Be2 O-O 9. Qd2 Nxd4 10. Bxd4 e5 11. Be3 Be6 12. O-O-O Rc8 13. f3 a6 14. Kb1 Qc7 15. Rc1 Rcd8 16. Nd5 Nxd5 17. exd5 Bd7 18. c4 b6 19. g4 f5 20. h4 Rde8 21. g5 f4 22. Bf2 Bf5+ 23. Bd3 Bxd3+ 24. Qxd3 a5 25. b3 Bd8 26. Qe4 Qd7 27. Kc2 Bc7 28. Kd3 Ra8 29. Ke2 Ra6 30. Kf1 Rfa8 31. Kg2 Bd8 32. Rc2 R6a7 33. Qd3 Bc7 34. Rb1 Bd8 35. Rd1 Bc7 36. Re2 Bd8 37. Re4 Bc7 38. Qe2 Ra6 39. Kh2 R6a7 40. Qf1 Kf7 41. Rd2 Ra6 42. Qe2 Kg8 43. Qf1 Kf7 44. Rd1 R6a7 45. Qh3 Qxh3+ 46. Kxh3 Ke7 47. Kg4 Kd7 48. Re2 Ra6 49. Rd3 R6a7 50. Be1 Ra6 51. Bc3 Re8 52. Rd1 Ra7 53. Bb2 Ra6 54. h5 Ra7 55. Rh1 Raa8 56. g6 h6 57. Re4 Rf8 58. b4 axb4 59. axb4 Ra2 60. Rh2 Rfa8 61. Rhe2 Re8 62. Rc2 Bd8 63. Ree2 Bf6 64. Bc3 Rxc2 65. Rxc2 Ra8 66. Kf5 Ra3 67. c5 bxc5 68. bxc5 dxc5 69. Bxe5 Bxe5 70. Kxe5 Rxf3 71. Ra2 Re3+ 72. Kxf4 Re7 73. Ra6 c4 74. Rc6 Re1 75. Rxc4 Rh1 76. Kg4 Rg1+ 77. Kf3 Rh1 78. Kg4 Rg1+ 79. Kf3 Rh1 80. Rf4 Rxh5 81. Ke4 Kd6 82. Rf7 Rxd5 83. Rxg7 Rg5 84. Rh7 1/2-1/2

[Event "85th Tata Steel Challengers 2023"]
[Site "Wijk aan Zee"]
[Date "2023.01.21"]
[Round "7.1"]
[White "Donchenko, Alexander"]
[Black "Yilmaz, Mustafa"]
[Result "1-0"]
[WhiteElo "2627"]
[BlackElo "2609"]
[Annotator "TA"]
[PlyCount "93"]
[EventDate "2023.01.10"]
[EventType "tourn"]
[EventCountry "NED"]
[SourceTitle "playchess.com"]
[Source "ChessBase"]
[SourceQuality "1"]

1. d4 Nf6 2. c4 e6 3. Nf3 d5 4. Nc3 Bb4 5. Qa4+ Nc6 6. e3 O-O 7. Qc2 b6 8. Bd2 Bb7 9. cxd5 exd5 10. a3 Bd6 11. Nb5 Be7 12. Bd3 a6 13. Nc3 Bd6 14. O-O Ne7 15. b4 Ng6 16. b5 Re8 17. Rfc1 a5 18. Ne2 Ne4 19. Be1 h5 20. Ng3 Nxg3 21. hxg3 Qf6 22. Bc3 Rad8 23. a4 Bc8 24. Bb2 Bg4 25. Nh2 Be6 26. Ba3 Rc8 27. Qd1 h4 28. Bxd6 cxd6 29. g4 Ne7 30. Rxc8 Rxc8 31. Rc1 g5 32. Rxc8+ Nxc8 33. Qc2 Kf8 34. f4 Qe7 35. Kf2 Qf6 36. f5 Bd7 37. Qc7 Qe7 38. Qb7 f6 39. Bc2 Ke8 40. Nf3 Kd8 41. Qxd5 Be8 42. Bb3 Qd7 43. e4 Ne7 44. Qa8+ Qc8 45. Qa7 Qc7 46. Qxc7+ Kxc7 47. e5 1-0

[Event "Tata Steel Tienkampen 2023"]
[Site "Wijk aan Zee"]
[Date "2023.01.27"]
[Round "7.1"]
[White "Pijpers, Arthur"]
[Black "Zwirs, Nico"]
[Result "1-0"]
[WhiteElo "2445"]
[BlackElo "2467"]
[Annotator "TA"]
[PlyCount "75"]
[EventDate "2023.01.20"]
[EventType "swiss"]
[EventCountry "NED"]
[SourceTitle "playchess.com"]
[Source "ChessBase"]
[SourceQuality "1"]

1. e4 c5 2. Nc3 d6 3. d4 cxd4 4. Qxd4 Nc6 5. Qd2 g6 6. b3 Bh6 7. f4 Nf6 8. Bb2 O-O 9. O-O-O a5 10. a4 Nb4 11. Kb1 Qb6 12. Nf3 Bg4 13. Be2 Rfc8 14. Nd4 e5 15. Bxg4 Nxg4 16. Ndb5 Nf2 17. Qxd6 Qxd6 18. Nxd6 Nxh1 19. Nxc8 Rxc8 20. Rxh1 Bxf4 21. Nd5 Nxd5 22. exd5 e4 23. Bf6 Re8 24. g3 Be5 25. Bxe5 Rxe5 26. c4 Kf8 27. Kc2 Ke7 28. Kc3 Kd6 29. Kd4 b6 30. b4 Re8 31. bxa5 bxa5 32. c5+ Kc7 33. Rb1 e3 34. d6+ Kc6 35. Rb6+ Kd7 36. Kd5 e2 37. c6+ Kd8 38. Rb8# 1-0

[Event "86th Tata Steel Tienkamp 2024"]
[Site "Wijk aan Zee"]
[Date "2024.01.26"]
[Round "7.1"]
[White "Pijpers, Arthur"]
[Black "Zwirs, Nico"]
[Result "1/2-1/2"]
[WhiteElo "2441"]
[BlackElo "2476"]
[Annotator "TA"]
[PlyCount "40"]
[EventDate "2024.01.02"]
[EventType "tourn"]
[EventCountry "NED"]
[SourceTitle "playchess.com"]
[Source "ChessBase"]
[SourceQuality "1"]

1. e4 e5 2. Nf3 Nc6 3. Bc4 Nf6 4. d4 exd4 5. O-O Nxe4 6. Re1 d5 7. Bxd5 Qxd5 8. Nc3 Qa5 9. Nxe4 Be6 10. Neg5 O-O-O 11. Nxe6 fxe6 12. Rxe6 Qd5 13. Qe2 Bc5 14. Bg5 Rdf8 15. Qe4 Qxe4 16. Rxe4 Re8 17. Rae1 Kd7 18. Rxe8 Rxe8 19. Rxe8 Kxe8 20. Kf1 Kd7 1/2-1/2

[Event "84th Tata Steel Masters 2022"]
[Site "Wijk aan Zee"]
[Date "2022.01.22"]
[Round "7.2"]
[White "Rapport, Richard"]
[Black "Mamedyarov, Shakhriyar"]
[Result "1/2-1/2"]
[WhiteElo "2763"]
[BlackElo "2767"]
[Annotator "TA"]
[PlyCount "57"]
[EventDate "2022.01.15"]
[EventType "tourn"]
[EventCountry "NED"]
[SourceTitle "playchess.com"]
[Source "ChessBase"]
[SourceQuality "1"]

1. e4 c5 2. Nf3 e6 3. d4 cxd4 4. Nxd4 Nf6 5. Nc3 Nc6 6. a3 d5 7. exd5 Nxd5 8. Nxd5 Qxd5 9. Nxc6 Qxc6 10. Be3 Bd7 11. Qd2 Bc5 12. O-O-O Bxe3 13. Qxe3 Rc8 14. c3 Qc5 15. Qg3 g6 16. Bd3 Ba4 17. Rd2 b5 18. Qf4 a5 19. Qf6 O-O 20. h4 b4 21. h5 h6 22. axb4 axb4 23. c4 Qg5 24. Qxg5 hxg5 25. hxg6 Bb3 26. Rh5 Bxc4 27. Bxc4 Rxc4+ 28. Kd1 fxg6 29. Rxg5 1/2-1/2

[Event "85th Tata Steel Masters 2023"]
[Site "Wijk aan Zee"]
[Date "2023.01.21"]
[Round "7.2"]
[White "Aronian, Levon"]
[Black "Giri, Anish"]
[Result "1/2-1/2"]
[WhiteElo "2735"]
[BlackElo "2764"]
[Annotator "TA"]
[PlyCount "41"]
[EventDate "2023.01.10"]
[EventType "tourn"]
[EventCountry "NED"]
[SourceTitle "playchess.com"]
[Source "ChessBase"]
[SourceQuality "1"]

1. e4 e5 2. Nf3 Nc6 3. Bc4 Nf6 4. d3 Bc5 5. O-O d6 6. a4 a5 7. Be3 Bxe3 8. fxe3 O-O 9. Nbd2 Be6 10. h3 Bxc4 11. Nxc4 Qe7 12. Rf2 b6 13. Nfd2 Nb8 14. Nb1 Nbd7 15. Nc3 c6 16. d4 d5 17. exd5 Nxd5 18. Nxd5 cxd5 19. Nxe5 Nxe5 20. dxe5 Qxe5 21. Qd4 1/2-1/2

[Event "83rd Tata Steel Masters 2021"]
[Site "Wijk aan Zee"]
[Date "2021.01.23"]
[Round "7.2"]
[White "Anton Guijarro, David"]
[Black "Donchenko, Alexander"]
[Result "1/2-1/2"]
[WhiteElo "2679"]
[BlackElo "2668"]
[Annotator "TA"]
[PlyCount "69"]
[EventDate "2021.01.16"]
[EventType "tourn"]
[EventCountry "NED"]
[SourceTitle "playchess.com"]
[Source "ChessBase"]
[SourceQuality "1"]

1. e4 c5 2. Nc3 d6 3. Nge2 Nf6 4. g3 Nc6 5. Bg2 g6 6. d4 cxd4 7. Nxd4 Nxd4 8. Qxd4 Bg7 9. O-O O-O 10. a4 Be6 11. Qd1 Rc8 12. Nd5 Qd7 13. Re1 Rfe8 14. c3 Bh3 15. Bf3 Nxd5 16. exd5 a6 17. a5 h5 18. Be3 Bf6 19. Ra4 Kg7 20. Rb4 Rh8 21. Qd2 Bg4 22. Bxg4 hxg4 23. Qd1 Rh5 24. Bd4 Rch8 25. Bxf6+ exf6 26. Qxg4 Qxg4 27. Rxg4 Rxh2 28. Re7 Rh1+ 29. Kg2 R8h2+ 30. Kf3 Rf1 31. Re2 Rd1 32. Rd4 Rxd4 33. cxd4 Rh5 34. Ke4 Rh1 35. Kd3 1/2-1/2

[Event "85th Tata Steel Challengers 2023"]
[Site "Wijk aan Zee"]
[Date "2023.01.21"]
[Round "7.2"]
[White "Warmerdam, Max"]
[Black "Ivic, Velimir"]
[Result "1/2-1/2"]
[WhiteElo "2616"]
[BlackElo "2585"]
[Annotator "TA"]
[PlyCount "145"]
[EventDate "2023.01.10"]
[EventType "tourn"]
[EventCountry "NED"]
[SourceTitle "playchess.com"]
[Source "ChessBase"]
[SourceQuality "1"]

1. e4 c6 2. d4 d5 3. Nc3 dxe4 4. Nxe4 Nf6 5. Nxf6+ exf6 6. Be3 Bd6 7. Bd3 Nd7 8. Ne2 Nf8 9. c4 Ng6 10. Qc2 O-O 11. O-O Be6 12. Nc3 Qc7 13. g3 Bh3 14. Rfe1 Qd7 15. Ne4 Bb4 16. Nc5 Bxc5 17. dxc5 Rad8 18. Rad1 Bg4 19. Rd2 Qc8 20. f4 Rfe8 21. Be4 h5 22. Rd6 Ne7 23. Bf2 Nf5 24. Rxd8 Rxd8 25. Qc3 Kf8 26. Bg2 Ne7 27. b4 Bh3 28. Bh1 Rd7 29. Bf3 h4 30. Qa3 a6 31. b5 Be6 32. Qa4 Rd3 33. Be2 Rd2 34. bxa6 bxa6 35. Be3 Rd8 36. Rd1 Re8 37. Re1 Bg4 38. Bd3 Nf5 39. Bf2 Rxe1+ 40. Bxe1 Nd4 41. Kf2 Bf5 42. Bf1 Nc2 43. Qb3 Be4 44. Bd3 Nd4 45. Qb2 hxg3+ 46. hxg3 Bxd3 47. Qxd4 Bb1 48. Ba5 Bxa2 49. g4 Kg8 50. f5 Qb8 51. Qd8+ Qxd8 52. Bxd8 Bxc4 53. Kf3 Kf8 54. Ba5 g6 55. Bc3 Kg7 56. Kf4 Bd3 57. Bd2 Bc2 58. Bc3 Kh6 59. Bd2 gxf5 60. gxf5 Kh5 61. Bc3 Bb1 62. Be1 Bc2 63. Bc3 Kh4 64. Bxf6+ Kh3 65. Bc3 Kg2 66. f6 Kf2 67. Ba5 Ke2 68. Bb6 Kd3 69. Kf3 Bb3 70. Kf2 Be6 71. Ke1 Bg4 72. Ba5 Kc4 73. Bb6 1/2-1/2